[Event "17. Obert Int. Sant Marti 2015 - B"]
[Site "Barcelona ESP"]
[Date "2015.07.13"]
[Round "1.44"]
[White "Gracia Vila, Frederic"]
[Black "Gonzalez Alonso, Marti"]
[Result "0-1"]
[WhiteElo "1727"]
[BlackElo "1949"]
[PlyCount "48"]
[EventDate "2015.07.13"]
[EventType "swiss"]
[EventRounds "9"]
[EventCountry "ESP"]
[SourceTitle "Ajedrez en Madrid"]
[Source "lmi"]
[SourceDate "2015.07.13"]
[SourceVersion "1"]
[SourceVersionDate "2019.06.21"]
[SourceQuality "1"]

1. d4 d5 2. c4 e6 3. Nc3 Nf6 4. Bg5 Be7 5. Nf3 Nc6 6. e3 h6 7. Bf4 Ne4 8. Nxe4
dxe4 9. Nd2 f5 10. Qh5+ Kf8 11. a3 Bd6 12. g3 e5 13. dxe5 Bxe5 14. O-O-O Qf6
15. Bxe5 Nxe5 16. f4 Ng4 17. Re1 Be6 18. Re2 Rd8 19. Qh4 g5 20. Qh3 Rd3 21. Qg2
Nxe3 22. Qf2 Qd4 23. Qe1 Bxc4 24. Nxc4 Rd1+ 0-1

[Event "17. Obert Int. Sant Marti 2015 - B"]
[Site "Barcelona ESP"]
[Date "2015.07.13"]
[Round "1.45"]
[White "Subirana Santos, Marc"]
[Black "Guinjoan Fradera, Joan"]
[Result "1/2-1/2"]
[WhiteElo "1949"]
[BlackElo "1726"]
[PlyCount "140"]
[EventDate "2015.07.13"]
[EventType "swiss"]
[EventRounds "9"]
[EventCountry "ESP"]
[SourceTitle "Ajedrez en Madrid"]
[Source "lmi"]
[SourceDate "2015.07.13"]
[SourceVersion "1"]
[SourceVersionDate "2019.06.21"]
[SourceQuality "1"]

1. c4 c5 2. g3 e6 3. Bg2 Nf6 4. Nf3 Nc6 5. O-O Be7 6. Nc3 O-O 7. d3 d5 8. a3
dxc4 9. dxc4 a6 10. Qc2 Qc7 11. Ne4 Nd4 12. Nxd4 cxd4 13. b4 Bd7 14. Bg5 Bc6
15. Bxf6 Bxf6 16. Nxf6+ gxf6 17. Bxc6 Qxc6 18. Rac1 f5 19. Qd2 Rad8 20. Qg5+
Kh8 21. Qf6+ Kg8 22. Rfd1 Qe4 23. c5 Qg4 24. h4 Qg7 25. Qe7 Rb8 26. c6 bxc6 27.
Rxc6 f4 28. Qg5 Qxg5 29. hxg5 fxg3 30. f4 Rfc8 31. Rxc8+ Rxc8 32. Rxd4 Rc2 33.
Rd3 Rxe2 34. Rxg3 Re4 35. Rf3 Rd4 36. Kg2 Kg7 37. Kg3 Kg6 38. Re3 Rd5 39. Kg4
Rd6 40. Rc3 Rb6 41. Kf3 Rd6 42. Ke3 Kf5 43. Rc5+ Kg6 44. a4 Rb6 45. b5 axb5 46.
Rxb5 Ra6 47. a5 f6 48. gxf6 Kxf6 49. Ke4 h6 50. Rc5 Rd6 51. Rb5 Ra6 52. Kd4 Kg6
53. Ke5 Kh5 54. Ke4+ Kg4 55. Ke3 h5 56. Rg5+ Kh4 57. Kf3 Rc6 58. Rg6 Rc3+ 59.
Ke4 Ra3 60. Ke5 Rxa5+ 61. Kxe6 Ra6+ 62. Kf5 Rxg6 63. Kxg6 Kg4 64. f5 h4 65. f6
h3 66. f7 h2 67. f8=Q h1=Q 68. Qf5+ Kg3 69. Qg5+ Kh2 70. Qf4+ Kh3 1/2-1/2

[Event "17. Obert Int. Sant Marti 2015 - B"]
[Site "Barcelona ESP"]
[Date "2015.07.13"]
[Round "1.46"]
[White "Ferrer Ache, Jesus"]
[Black "Domenche Redondo, Francesc"]
[Result "0-1"]
[WhiteElo "1723"]
[BlackElo "1947"]
[PlyCount "118"]
[EventDate "2015.07.13"]
[EventType "swiss"]
[EventRounds "9"]
[EventCountry "ESP"]
[SourceTitle "Ajedrez en Madrid"]
[Source "lmi"]
[SourceDate "2015.07.13"]
[SourceVersion "1"]
[SourceVersionDate "2019.06.21"]
[SourceQuality "1"]

1. c4 e6 2. d4 d5 3. c5 Nf6 4. Bf4 Be7 5. Nf3 Nbd7 6. e3 Ne4 7. Nc3 Nxc3 8.
bxc3 O-O 9. Be2 Nf6 10. O-O Nh5 11. Nd2 Nxf4 12. exf4 c6 13. Nf3 Bd7 14. Ne5
Qc7 15. g3 b5 16. Kg2 Bf6 17. Ng4 Be7 18. Ne5 f6 19. Nxd7 Qxd7 20. h4 f5 21. h5
Bf6 22. Qd2 Qf7 23. Rh1 h6 24. Qd3 Qd7 25. Qe3 Rae8 26. Qd2 Qd8 27. a3 a6 28.
Bf3 Qe7 29. a4 Ra8 30. axb5 axb5 31. Rxa8 Rxa8 32. Re1 Qd7 33. Qe3 Kf7 34. g4
Qe7 35. Qd3 Qd7 36. Qd1 Ra2 37. Qd3 Bh4 38. Re2 Rxe2 39. Qxe2 Qa7 40. Kh3 Bf6
41. Kg3 Qa1 42. Qd3 Qg1+ 43. Bg2 fxg4 44. Qg6+ Ke7 45. Qxg4 Qe1 46. Qf3 Qc1 47.
Bh3 Qg1+ 48. Bg2 Qe1 49. Qe3 Qxe3+ 50. fxe3 Kf7 51. Kg4 g6 52. Bf3 g5 53. f5 e5
54. Bxd5+ cxd5 55. c6 Ke7 56. e4 dxe4 57. d5 Kd6 58. Kg3 Bd8 59. Kf2 g4 0-1

[Event "17. Obert Int. Sant Marti 2015 - B"]
[Site "Barcelona ESP"]
[Date "2015.07.13"]
[Round "1.47"]
[White "Sanchez Esteban, Emilio"]
[Black "Trabado Nieto, David"]
[Result "1-0"]
[WhiteElo "1947"]
[BlackElo "1722"]
[PlyCount "49"]
[EventDate "2015.07.13"]
[EventType "swiss"]
[EventRounds "9"]
[EventCountry "ESP"]
[SourceTitle "Ajedrez en Madrid"]
[Source "lmi"]
[SourceDate "2015.07.13"]
[SourceVersion "1"]
[SourceVersionDate "2019.06.21"]
[SourceQuality "1"]

1. d4 d5 2. Nf3 Nf6 3. e3 Bg4 4. Be2 Nc6 5. O-O e6 6. Nbd2 Bd6 7. c4 dxc4 8.
Nxc4 Nh5 9. Nfe5 Nxe5 10. dxe5 Bxe2 11. Qxe2 Bc5 12. Qxh5 Qd3 13. b3 Qc3 14.
Bb2 Qc2 15. Rac1 Qf5 16. Qxf5 exf5 17. Rfd1 O-O 18. Rd7 Rac8 19. Rcd1 b5 20.
Na5 Bb6 21. Nc6 a5 22. Ne7+ Kh8 23. Nxc8 Rxc8 24. Rd8+ Rxd8 25. Rxd8# 1-0

[Event "17. Obert Int. Sant Marti 2015 - B"]
[Site "Barcelona ESP"]
[Date "2015.07.13"]
[Round "1.48"]
[White "Olleta Tanya, Jordi"]
[Black "Volart Buil, Jordi"]
[Result "0-1"]
[WhiteElo "1720"]
[BlackElo "1946"]
[PlyCount "58"]
[EventDate "2015.07.13"]
[EventType "swiss"]
[EventRounds "9"]
[EventCountry "ESP"]
[SourceTitle "Ajedrez en Madrid"]
[Source "lmi"]
[SourceDate "2015.07.13"]
[SourceVersion "1"]
[SourceVersionDate "2019.06.21"]
[SourceQuality "1"]

1. Nf3 d5 2. d4 c5 3. c3 Nc6 4. Bf4 Qb6 5. Qb3 Qxb3 6. axb3 cxd4 7. Nbd2 dxc3
8. bxc3 f6 9. e4 e5 10. Bg3 Be6 11. exd5 Bxd5 12. Bc4 Rd8 13. Bb5 a6 14. Be2
Nh6 15. O-O Nf5 16. c4 Bxf3 17. Nxf3 Bb4 18. Rfd1 O-O 19. Bd3 Nxg3 20. fxg3 f5
21. Ng5 Rd6 22. g4 g6 23. gxf5 gxf5 24. Bc2 Nd4 25. Bd3 e4 26. Bf1 Nxb3 27.
Rxd6 Bxd6 28. Rd1 Rd8 29. g3 Bc5+ 0-1

[Event "17. Obert Int. Sant Marti 2015 - B"]
[Site "Barcelona ESP"]
[Date "2015.07.13"]
[Round "1.49"]
[White "Ayza Casamitjana, Antoni"]
[Black "Marcelo, Diego Luis"]
[Result "1-0"]
[WhiteElo "1945"]
[BlackElo "1718"]
[PlyCount "107"]
[EventDate "2015.07.13"]
[EventType "swiss"]
[EventRounds "9"]
[EventCountry "ESP"]
[SourceTitle "Ajedrez en Madrid"]
[Source "lmi"]
[SourceDate "2015.07.13"]
[SourceVersion "1"]
[SourceVersionDate "2019.06.21"]
[SourceQuality "1"]

1. c4 e5 2. Nc3 Nc6 3. g3 Nf6 4. Bg2 Bc5 5. Nf3 O-O 6. O-O d6 7. d3 Be6 8. Bg5
h6 9. Bd2 Re8 10. a3 Nd4 11. b4 Nxf3+ 12. Bxf3 Bd4 13. Bxb7 Rb8 14. Bg2 Qd7 15.
Re1 Bh3 16. Bh1 Ng4 17. e3 Qf5 18. Qe2 Bxc3 19. Bxc3 Nf6 20. e4 Qg5 21. Bd2 Qg4
22. Be3 Qxe2 23. Rxe2 Rb7 24. f3 Be6 25. f4 Bg4 26. Rf2 c6 27. Bg2 d5 28. exd5
cxd5 29. cxd5 Rd7 30. fxe5 Nxd5 31. Re1 Rxe5 32. Bd2 Rde7 33. Rxe5 Rxe5 34. d4
Re6 35. Bxd5 Rd6 36. Bxf7+ Kh7 37. Rf4 Bd7 38. d5 Ra6 39. Bc1 Rf6 40. Rxf6 gxf6
41. Be6 Bxe6 42. dxe6 Kg7 43. Bxh6+ Kg6 44. Kf2 f5 45. Bf8 Kf6 46. e7 Kf7 47.
Kf3 Ke8 48. Kf4 Kd7 49. Kxf5 Ke8 50. h4 Kf7 51. h5 Kg8 52. Kf6 Kh8 53. e8=Q Kg8
54. Qf7+ 1-0

[Event "17. Obert Int. Sant Marti 2015 - B"]
[Site "Barcelona ESP"]
[Date "2015.07.13"]
[Round "1.51"]
[White "Valbuena Castro, Gregorio"]
[Black "Bienvenido Kleque, Jose"]
[Result "1-0"]
[WhiteElo "1944"]
[BlackElo "1717"]
[PlyCount "105"]
[EventDate "2015.07.13"]
[EventType "swiss"]
[EventRounds "9"]
[EventCountry "ESP"]
[SourceTitle "Ajedrez en Madrid"]
[Source "lmi"]
[SourceDate "2015.07.13"]
[SourceVersion "1"]
[SourceVersionDate "2019.06.21"]
[SourceQuality "1"]

1. e4 e5 2. d4 exd4 3. Bc4 d6 4. Nf3 Nc6 5. Nxd4 Nxd4 6. Qxd4 Qf6 7. Qd1 Be6 8.
Bb5+ c6 9. Be2 d5 10. exd5 Bxd5 11. O-O Qg6 12. Bf3 O-O-O 13. Nc3 Bxf3 14. Qxf3
Bd6 15. Be3 Bb8 16. Rad1 Nh6 17. Bxh6 gxh6 18. Qh3+ Kc7 19. Rfe1 Rxd1 20. Rxd1
Rd8 21. Re1 Qd6 22. g3 b6 23. Qf5 Kb7 24. Qxf7+ Rd7 25. Qe8 Rd8 26. Qe4 Qd7 27.
Qe7 Bd6 28. Qxd7+ Rxd7 29. Rd1 Kc7 30. Ne4 Be5 31. Rxd7+ Kxd7 32. c3 Ke6 33. f4
Bc7 34. Kf2 Kf5 35. Kf3 c5 36. h3 Ke6 37. g4 Bd8 38. f5+ Ke5 39. a4 Be7 40. b3
a6 41. Nd2 b5 42. axb5 axb5 43. c4 b4 44. Ne4 Bd8 45. Nxc5 Be7 46. Ne4 Bh4 47.
Ke3 Be7 48. Kd3 Bf8 49. h4 Be7 50. c5 Bxh4 51. f6 Kd5 52. g5 hxg5 53. f7 1-0

[Event "17. Obert Int. Sant Marti 2015 - B"]
[Site "Barcelona ESP"]
[Date "2015.07.13"]
[Round "1.52"]
[White "Castilla Casanova, Víctor"]
[Black "Muratet Carmona, Julia"]
[Result "0-1"]
[WhiteElo "1713"]
[BlackElo "1942"]
[PlyCount "80"]
[EventDate "2015.07.13"]
[EventType "swiss"]
[EventRounds "9"]
[EventCountry "ESP"]
[SourceTitle "Ajedrez en Madrid"]
[Source "lmi"]
[SourceDate "2015.07.13"]
[SourceVersion "1"]
[SourceVersionDate "2019.06.21"]
[SourceQuality "1"]

1. e4 e5 2. Nc3 Nf6 3. f4 d6 4. Nf3 Nc6 5. Bc4 Nxe4 6. Nxe4 d5 7. Bd3 dxe4 8.
Bxe4 exf4 9. d4 Bd6 10. O-O O-O 11. c4 Re8 12. Qd3 g6 13. c5 Nb4 14. Qc4 Rxe4
15. Qxb4 Bf8 16. Re1 Rxe1+ 17. Qxe1 Bg4 18. Qe4 Bxf3 19. gxf3 Bg7 20. d5 Qg5+
21. Kh1 Rd8 22. Bxf4 Qxd5 23. Qxd5 Rxd5 24. Bxc7 Rxc5 25. Bd6 Rc2 26. Re1 Bxb2
27. Re7 Bd4 28. Rxb7 Rxa2 29. Rd7 Ba1 30. Bc5 a5 31. Ra7 Be5 32. Ra8+ Kg7 33.
Bf8+ Kf6 34. Ra6+ Kf5 35. Ra7 Rxh2+ 36. Kg1 Bd4+ 37. Kxh2 Bxa7 38. Kg3 a4 39.
Ba3 Bb8+ 40. Kf2 h5 0-1

[Event "17. Obert Int. Sant Marti 2015 - B"]
[Site "Barcelona ESP"]
[Date "2015.07.13"]
[Round "1.53"]
[White "Padilla Carmona, Francesc"]
[Black "Jimenez Rimblas, Raul"]
[Result "1-0"]
[WhiteElo "1937"]
[BlackElo "1708"]
[PlyCount "43"]
[EventDate "2015.07.13"]
[EventType "swiss"]
[EventRounds "9"]
[EventCountry "ESP"]
[SourceTitle "Ajedrez en Madrid"]
[Source "lmi"]
[SourceDate "2015.07.13"]
[SourceVersion "1"]
[SourceVersionDate "2019.06.21"]
[SourceQuality "1"]

1. e4 g6 2. d4 Nf6 3. e5 Nd5 4. Nf3 Bg7 5. Bc4 e6 6. Bg5 Ne7 7. Qd2 d6 8. Bh6
Bxh6 9. Qxh6 Nf5 10. Qd2 O-O 11. exd6 cxd6 12. O-O Nc6 13. c3 a6 14. g4 Ng7 15.
Qh6 e5 16. Ng5 Re8 17. Bxf7+ Kf8 18. Bxg6 Qf6 19. Nxh7+ Ke7 20. Nxf6 Kxf6 21.
Bxe8+ Ke7 22. Bxc6 1-0

[Event "17. Obert Int. Sant Marti 2015 - B"]
[Site "Barcelona ESP"]
[Date "2015.07.13"]
[Round "1.54"]
[White "Ortega Farrus, Alfonso"]
[Black "Llopis Jordan, Lluis"]
[Result "0-1"]
[WhiteElo "1704"]
[BlackElo "1936"]
[PlyCount "54"]
[EventDate "2015.07.13"]
[EventType "swiss"]
[EventRounds "9"]
[EventCountry "ESP"]
[SourceTitle "Ajedrez en Madrid"]
[Source "lmi"]
[SourceDate "2015.07.13"]
[SourceVersion "1"]
[SourceVersionDate "2019.06.21"]
[SourceQuality "1"]

1. d4 Nf6 2. c4 g6 3. Nc3 Bg7 4. e4 d6 5. h3 O-O 6. Nf3 c5 7. d5 Nfd7 8. Be3
Na6 9. a3 Nc7 10. Bd3 a6 11. Qc2 Rb8 12. O-O b5 13. cxb5 axb5 14. b4 Ba6 15.
Bf4 c4 16. Be2 Nb6 17. Rac1 Ra8 18. Be3 Qb8 19. Bxb6 Qxb6 20. Rfd1 Bc8 21. Qb2
f5 22. exf5 Bxf5 23. Qa2 Ra7 24. Nd2 Bxh3 25. Bf3 Bf5 26. a4 Bxc3 27. Rxc3 Rxa4
0-1

[Event "17. Obert Int. Sant Marti 2015 - B"]
[Site "Barcelona ESP"]
[Date "2015.07.13"]
[Round "1.55"]
[White "Rius Riu, Gerard"]
[Black "Porta Guiu, Lourdes"]
[Result "1-0"]
[WhiteElo "1936"]
[BlackElo "1700"]
[PlyCount "105"]
[EventDate "2015.07.13"]
[EventType "swiss"]
[EventRounds "9"]
[EventCountry "ESP"]
[SourceTitle "Ajedrez en Madrid"]
[Source "lmi"]
[SourceDate "2015.07.13"]
[SourceVersion "1"]
[SourceVersionDate "2019.06.21"]
[SourceQuality "1"]

1. d4 d5 2. Nf3 Nf6 3. g3 Nc6 4. Bg2 Bf5 5. a3 e6 6. O-O Bd6 7. c4 O-O 8. c5
Be7 9. Nc3 a6 10. Bf4 Rc8 11. Nh4 Bg6 12. Nxg6 hxg6 13. Qd3 Na5 14. b4 Nc4 15.
e4 c6 16. exd5 exd5 17. Rfe1 Re8 18. Nd1 b5 19. Ne3 Nb2 20. Qc2 Na4 21. Nd1 Nh5
22. Be3 Bf6 23. Nc3 Nxc3 24. Qxc3 Be7 25. a4 Nf6 26. axb5 axb5 27. Ra7 Ra8 28.
Rea1 Rxa7 29. Rxa7 Nd7 30. Bh3 f5 31. Qa3 Nb8 32. Bf4 Bg5 33. Be5 Bf6 34. f4
Bxe5 35. fxe5 f4 36. gxf4 Qh4 37. Qg3 Qxg3+ 38. hxg3 Kf8 39. Kf2 Re7 40. Ra3
Kf7 41. Kf3 Nd7 42. Bxd7 Rxd7 43. Ra6 Rc7 44. Ra8 Rb7 45. g4 Re7 46. Kg3 Re8
47. Rxe8 Kxe8 48. Kh4 Kf7 49. Kg5 Kf8 50. Kxg6 Kg8 51. Kf5 Kf7 52. e6+ Ke7 53.
g5 1-0

[Event "17. Obert Int. Sant Marti 2015 - B"]
[Site "Barcelona ESP"]
[Date "2015.07.13"]
[Round "1.56"]
[White "Romano Cases, Jordi"]
[Black "Rodriguez Isern, Bernat"]
[Result "0-1"]
[WhiteElo "1700"]
[BlackElo "1936"]
[PlyCount "76"]
[EventDate "2015.07.13"]
[EventType "swiss"]
[EventRounds "9"]
[EventCountry "ESP"]
[SourceTitle "Ajedrez en Madrid"]
[Source "lmi"]
[SourceDate "2015.07.13"]
[SourceVersion "1"]
[SourceVersionDate "2019.06.21"]
[SourceQuality "1"]

1. e4 e5 2. Nf3 Nc6 3. Bb5 Bc5 4. O-O Qf6 5. c3 Nge7 6. d3 h6 7. Re1 O-O 8.
Nbd2 d6 9. h3 a6 10. Ba4 Qg6 11. Nh4 Qg3 12. d4 Qxh4 13. Nf3 Qf6 14. dxc5 dxc5
15. Be3 c4 16. Bc5 Rd8 17. Qe2 Be6 18. Nd2 b5 19. Bc2 Ng6 20. Be3 Nf4 21. Bxf4
Qxf4 22. Rad1 Ne7 23. Qe3 Qf6 24. Nf3 Ng6 25. Nh2 Nf4 26. Rxd8+ Rxd8 27. Bd1
Rd3 28. Qa7 Bxh3 29. gxh3 Nxh3+ 30. Kf1 Nf4 31. f3 Qh4 32. Qg1 Qh3+ 33. Kf2
Qh4+ 34. Kf1 Rd2 35. Be2 Nxe2 36. Qf2 Ng3+ 37. Kg1 Rxf2 38. Kxf2 Qxh2+ 0-1

[Event "17. Obert Int. Sant Marti 2015 - B"]
[Site "Barcelona ESP"]
[Date "2015.07.13"]
[Round "1.58"]
[White "Bernat Mor, Juli"]
[Black "Pascual Gonzalez-Novelles, Carles"]
[Result "0-1"]
[WhiteElo "1687"]
[BlackElo "1931"]
[PlyCount "102"]
[EventDate "2015.07.13"]
[EventType "swiss"]
[EventRounds "9"]
[EventCountry "ESP"]
[SourceTitle "Ajedrez en Madrid"]
[Source "lmi"]
[SourceDate "2015.07.13"]
[SourceVersion "1"]
[SourceVersionDate "2019.06.21"]
[SourceQuality "1"]

1. e4 e6 2. d4 d5 3. exd5 exd5 4. Nf3 Nf6 5. Nc3 Bd6 6. Bd3 O-O 7. O-O c6 8. a4
Bg4 9. b3 Nbd7 10. Ba3 Bxa3 11. Rxa3 Qe7 12. Ra1 Qb4 13. Na2 Qb6 14. Be2 Ne4
15. Ne5 Nxe5 16. dxe5 Bxe2 17. Qxe2 Rae8 18. Qe3 Qxe3 19. fxe3 Rxe5 20. c3 Nd2
21. Rf2 Nxb3 22. Rb1 Nc5 23. Re2 Rfe8 24. Nb4 Nxa4 25. Rb3 Nc5 26. Ra3 a6 27.
Nc2 f5 28. g3 Kf7 29. Kg2 Kf6 30. Kf3 g5 31. h3 Re4 32. Ne1 f4 33. gxf4 gxf4
34. Ng2 Nd3 35. Ra1 Ne5+ 36. Kf2 f3 37. Ree1 fxg2 38. Kxg2 Rg8+ 39. Kf1 Nf3 40.
Reb1 Nd2+ 41. Kf2 Nxb1 42. Rxb1 Rg7 43. Re1 a5 44. Kf3 a4 45. Ra1 Rge7 46. Re1
a3 47. Ra1 Rxe3+ 48. Kf2 Re2+ 49. Kf3 Kf5 50. Kg3 a2 51. Kf3 R7e3# 0-1

[Event "17. Obert Int. Sant Marti 2015 - B"]
[Site "Barcelona ESP"]
[Date "2015.07.13"]
[Round "1.59"]
[White "Martinez Ferrer, Rafael"]
[Black "Navarro Oliva, Ivan Tomás"]
[Result "1-0"]
[WhiteElo "1930"]
[BlackElo "1686"]
[PlyCount "61"]
[EventDate "2015.07.13"]
[EventType "swiss"]
[EventRounds "9"]
[EventCountry "ESP"]
[SourceTitle "Ajedrez en Madrid"]
[Source "lmi"]
[SourceDate "2015.07.13"]
[SourceVersion "1"]
[SourceVersionDate "2019.06.21"]
[SourceQuality "1"]

1. e4 e6 2. d4 d5 3. Nd2 c5 4. c3 Nc6 5. Ngf3 Qb6 6. exd5 exd5 7. Nb3 Nf6 8.
dxc5 Bxc5 9. Nxc5 Qxc5 10. Bd3 O-O 11. O-O Re8 12. Be3 Qd6 13. h3 Ne7 14. Nd4
Bd7 15. Qf3 Nc6 16. Nb5 Qb8 17. Bf4 Ne5 18. Qd1 Bxb5 19. Bxb5 Re6 20. Re1 a6
21. Ba4 Qd6 22. Qd4 b5 23. Bxe5 Rxe5 24. Rxe5 bxa4 25. Rae1 Qc6 26. g4 Rd8 27.
f3 h6 28. Kg2 Kh7 29. Re7 Kg6 30. h4 h5 31. Qd3+ 1-0

[Event "17. Obert Int. Sant Marti 2015 - B"]
[Site "Barcelona ESP"]
[Date "2015.07.13"]
[Round "1.60"]
[White "Grasa Solanas, Oscar"]
[Black "Gonzalez Martin, Fernando"]
[Result "1/2-1/2"]
[WhiteElo "1682"]
[BlackElo "1921"]
[PlyCount "98"]
[EventDate "2015.07.13"]
[EventType "swiss"]
[EventRounds "9"]
[EventCountry "ESP"]
[SourceTitle "Ajedrez en Madrid"]
[Source "lmi"]
[SourceDate "2015.07.13"]
[SourceVersion "1"]
[SourceVersionDate "2019.06.21"]
[SourceQuality "1"]

1. e4 e5 2. Nf3 Nc6 3. Bb5 a6 4. Ba4 Nf6 5. d3 Bc5 6. O-O d6 7. h3 h6 8. Re1 b5
9. Bb3 Na5 10. Be3 Nxb3 11. axb3 Nd7 12. d4 exd4 13. Bxd4 O-O 14. Nc3 Bb7 15.
Bxc5 Nxc5 16. e5 d5 17. Nd4 Ne6 18. Nf3 c5 19. Ne2 Re8 20. Ng3 g6 21. Qd2 Kh7
22. Nh2 h5 23. Nf3 h4 24. Nf1 d4 25. N1h2 Bxf3 26. Nxf3 Kg7 27. Re4 Rh8 28.
Rae1 Rh5 29. b4 Rc8 30. bxc5 Rxc5 31. Nxd4 Rd5 32. Nxe6+ fxe6 33. Qe3 Qc7 34.
c3 a5 35. f4 Qd7 36. Rd4 Rxd4 37. cxd4 Rf5 38. Rf1 b4 39. Rf3 a4 40. Qd2 Qb5
41. Kh2 Rf8 42. g3 hxg3+ 43. Kxg3 Qc4 44. Qd1 Qb5 45. Rd3 Rd8 46. Kf3 Qc4 47.
Ke3 Rh8 48. Qg4 Qc1+ 49. Rd2 Qc4 1/2-1/2

[Event "17. Obert Int. Sant Marti 2015 - B"]
[Site "Barcelona ESP"]
[Date "2015.07.13"]
[Round "1.61"]
[White "Fuentes Barrientos, Carlos"]
[Black "Blanes Gay, Sir Nil"]
[Result "1-0"]
[WhiteElo "1916"]
[BlackElo "1679"]
[PlyCount "69"]
[EventDate "2015.07.13"]
[EventType "swiss"]
[EventRounds "9"]
[EventCountry "ESP"]
[SourceTitle "Ajedrez en Madrid"]
[Source "lmi"]
[SourceDate "2015.07.13"]
[SourceVersion "1"]
[SourceVersionDate "2019.06.21"]
[SourceQuality "1"]

1. d4 d5 2. Bg5 h6 3. Bh4 Bf5 4. e3 Qc8 5. c4 c6 6. Nc3 e6 7. Qa4 Be7 8. Nf3
Nd7 9. c5 Ngf6 10. Be2 O-O 11. b4 a6 12. O-O Qc7 13. Bg3 Qc8 14. h3 Ne4 15.
Nxe4 Bxe4 16. Nd2 Bf5 17. Rfc1 Nf6 18. Qb3 Ne4 19. Nxe4 Bxe4 20. a4 Bf5 21. b5
e5 22. Bxe5 Bh4 23. g3 f6 24. Bd6 Bxh3 25. gxh4 Re8 26. bxc6 Re4 27. Qxd5+ Qe6
28. Qxe6+ Rxe6 29. cxb7 Ree8 30. bxa8=Q Rxa8 31. Bc4+ Kh8 32. Rab1 g5 33. hxg5
fxg5 34. Rb7 Bc8 35. Be5# 1-0

[Event "17. Obert Int. Sant Marti 2015 - B"]
[Site "Barcelona ESP"]
[Date "2015.07.13"]
[Round "1.62"]
[White "Perez Serrallonga, Maxima"]
[Black "Arce, Sebastian"]
[Result "0-1"]
[WhiteElo "1655"]
[BlackElo "1914"]
[PlyCount "30"]
[EventDate "2015.07.13"]
[EventType "swiss"]
[EventRounds "9"]
[EventCountry "ESP"]
[SourceTitle "Ajedrez en Madrid"]
[Source "lmi"]
[SourceDate "2015.07.13"]
[SourceVersion "1"]
[SourceVersionDate "2019.06.21"]
[SourceQuality "1"]

1. e4 c5 2. Nf3 g6 3. Nc3 Bg7 4. d4 cxd4 5. Nxd4 Nc6 6. Be3 Nf6 7. Bb5 Ng4 8.
Bxc6 dxc6 9. f3 Nxe3 10. Qe2 Qxd4 11. Rc1 Be6 12. Kf2 Nd1+ 13. Ke1 Nxc3 14.
bxc3 Qxc3+ 15. Kf1 Bc4 0-1

[Event "17. Obert Int. Sant Marti 2015 - B"]
[Site "Barcelona ESP"]
[Date "2015.07.13"]
[Round "1.63"]
[White "Ferre Navarro, Joan"]
[Black "Siegel, Rainer"]
[Result "1-0"]
[WhiteElo "1912"]
[BlackElo "1647"]
[PlyCount "35"]
[EventDate "2015.07.13"]
[EventType "swiss"]
[EventRounds "9"]
[EventCountry "ESP"]
[SourceTitle "Ajedrez en Madrid"]
[Source "lmi"]
[SourceDate "2015.07.13"]
[SourceVersion "1"]
[SourceVersionDate "2019.06.21"]
[SourceQuality "1"]

1. d4 Nc6 2. Nf3 d6 3. e3 Bg4 4. Nbd2 Nf6 5. Bb5 a6 6. Ba4 b5 7. Bb3 e5 8. h3
Bh5 9. g4 Bg6 10. c3 Be7 11. Nh4 Be4 12. Nxe4 Nxe4 13. Nf5 O-O 14. Bd5 exd4 15.
cxd4 Nxf2 16. Kxf2 Bh4+ 17. Nxh4 Qxh4+ 18. Kg2 1-0

[Event "17. Obert Int. Sant Marti 2015 - B"]
[Site "Barcelona ESP"]
[Date "2015.07.13"]
[Round "1.65"]
[White "Alquezar Calpena, Marc"]
[Black "Martimpé Burgués, Xavier"]
[Result "1-0"]
[WhiteElo "1907"]
[BlackElo "1611"]
[PlyCount "39"]
[EventDate "2015.07.13"]
[EventType "swiss"]
[EventRounds "9"]
[EventCountry "ESP"]
[SourceTitle "Ajedrez en Madrid"]
[Source "lmi"]
[SourceDate "2015.07.13"]
[SourceVersion "1"]
[SourceVersionDate "2019.06.21"]
[SourceQuality "1"]

1. e4 e5 2. Nf3 Nc6 3. Bb5 Nf6 4. O-O Bd6 5. c3 O-O 6. d4 Qe7 7. Re1 a6 8. Ba4
b5 9. Bc2 h6 10. Nh4 exd4 11. Nf5 Qe5 12. f4 Qc5 13. cxd4 Qb6 14. e5 Bb4 15.
exf6 Bxe1 16. Nxh6+ Kh8 17. fxg7+ Kxg7 18. Qg4+ Kh8 19. Nf5 Rg8 20. Qh5# 1-0

[Event "17. Obert Int. Sant Marti 2015 - B"]
[Site "Barcelona ESP"]
[Date "2015.07.13"]
[Round "1.66"]
[White "Ramos Fernández, Pilar"]
[Black "Fernandez Pintado, Xavier"]
[Result "0-1"]
[WhiteElo "1609"]
[BlackElo "1906"]
[PlyCount "50"]
[EventDate "2015.07.13"]
[EventType "swiss"]
[EventRounds "9"]
[EventCountry "ESP"]
[SourceTitle "Ajedrez en Madrid"]
[Source "lmi"]
[SourceDate "2015.07.13"]
[SourceVersion "1"]
[SourceVersionDate "2019.06.21"]
[SourceQuality "1"]

1. e4 c5 2. d4 cxd4 3. c3 e5 4. Nf3 Nc6 5. Bc4 Be7 6. cxd4 exd4 7. e5 Nxe5 8.
Nxe5 Qa5+ 9. Bd2 Qxe5+ 10. Kf1 Nf6 11. Qa4 a6 12. Na3 O-O 13. Re1 Ne4 14. Nb1
b5 15. Qb3 bxc4 16. Qxc4 d5 17. Qc6 Be6 18. f4 Nxd2+ 19. Nxd2 Qxf4+ 20. Ke2
Rfc8 21. Qb7 Bg5 22. Rhf1 Qxd2+ 23. Kf3 Qf4+ 24. Ke2 Bg4+ 25. Kd3 Qd2# 0-1

[Event "17. Obert Int. Sant Marti 2015 - B"]
[Site "Barcelona ESP"]
[Date "2015.07.13"]
[Round "1.67"]
[White "Martin Sanchez, Antoni"]
[Black "Castellvell Diez, Maria Nuria"]
[Result "1-0"]
[WhiteElo "1903"]
[BlackElo "1566"]
[PlyCount "59"]
[EventDate "2015.07.13"]
[EventType "swiss"]
[EventRounds "9"]
[EventCountry "ESP"]
[SourceTitle "Ajedrez en Madrid"]
[Source "lmi"]
[SourceDate "2015.07.13"]
[SourceVersion "1"]
[SourceVersionDate "2019.06.21"]
[SourceQuality "1"]

1. d4 e6 2. e4 Nf6 3. Bd3 Nc6 4. Nf3 Be7 5. O-O d5 6. e5 Nh5 7. Be3 b6 8. Nbd2
Bb7 9. a3 Qd7 10. Rc1 O-O-O 11. c4 g6 12. Qc2 Rdf8 13. cxd5 exd5 14. Bb5 f5 15.
exf6 Nxf6 16. Bxc6 Qd6 17. Ne5 Rd8 18. Bxb7+ Kxb7 19. Nf7 Qe6 20. Nxh8 c5 21.
dxc5 Rc8 22. b4 Rxh8 23. cxb6 Bd6 24. Qc6+ Ka6 25. b5+ Ka5 26. h3 Qe5 27. Nf3
Nh5 28. Nxe5 Bxe5 29. bxa7 d4 30. Qa6# 1-0